00000000nam##2200000za#4500
0019.574927
003CaOODSP
00520210624184424
007cr |||||||||||
008150406|2002||||xxc|||||o    f|0| 0 eng|d
022 |a1488-5379
040 |aCaOODSP|beng
043 |an-cn---
0861 |aFs97-6/2406E-PDF
1101 |aCanada. |bDepartment of Fisheries and Oceans.
24512|aA description and operations manual for a water column simulator which is used to study the behaviour of organisms in vertically stratified waters / |h[electronic resource]|cby J.S. Korstrom and I.K. Birtwell.
260 |aWest Vancouver - British Columbia : |bFisheries and Oceans Canada |c2002.
300 |a76p.|bfigs., tables
4901 |aCanadian technical report of fisheries and aquatic sciences|x1488-5379|vNo. 2406
500 |aThe catalogue number and ISSN for the print edition appear in this electronic version.
546 |a(Textes préliminaires en français.)
590 |a12-37-Supp|b2012-09-24
7201 |aKorstrom, J. S.
7201 |aBirtwell, I. K.
830#0|aCanadian technical report of fisheries and aquatic sciences,|x1488-5379|vNo. 2406|w(CaOODSP)9.504449
85640|ahttp://publications.gc.ca|qPDF|s2292 KB|uhttps://publications.gc.ca/collections/collection_2012/mpo-dfo/Fs97-6-2406-eng.pdf|yNo. 2406